Представление документа в формате RUSMARC

ПолеНазваниеЗначение
  Тип записи a
  Библиографический уровень m
001 Контрольный номер RU/IS/BASE/403015908
005 Дата корректировки 20180512104026.8
010 Индекс ISBN __
a ISBN 978-5-699-53293-3 (в пер.)
d Цена 114-88
021 № государственной регистрации __
b № документа 11-98633
100 Данные общей обработки __
a Данные общей обработки 19111216d2012 |||y1rusy0189 ca
101 Язык документа __
a Язык текста rus
102 Страна публикации __
a Страна публикации ru
102 Страна публикации __
a Страна публикации ru
105 Кодированные данные (монография) __
a Кодированные данные (монография) y zzzz000zy
200 Заглавие и сведения об ответственности __
a Заглавие Имбирь
e Сведения, относящиеся к заглавию кладезь здоровья и долголетия : [волшебный корень против болезней и недомоганий]
f Первые сведения об ответственности Н. И. Даников
210 Выходные данные __
a Место издания Москва
c Издательство Эксмо
d Дата издания 2012
215 Физическое описание __
a Объем 381, [1] с.
225 Серия (Журнальная рубрика) __
a Серия (Журнальная рубрика) Народная медицина от А до Я
330 Аннотация __
a Аннотация Для людей, сознательно ориентирующихся на всё естественное и натуральное, имбирь должен стать частью жизни. А тем, кто только начинает заниматься своим здоровьем, имбирь поможет справиться с этой задачей, ведь всё, что приготовлено с его использованием, не только полезно, но и вкусно.
606 Тематические рубрики __
a Основная рубрика Клиническая медицина в целом
606 Тематические рубрики __
a Основная рубрика Народная медицина и отдельные системы лечения
610 Ключевые слова __
a Ключевые слова болезни органов дыхания
a Ключевые слова болезни органов пищеварения
a Ключевые слова болезни печени
a Ключевые слова болезни почек
a Ключевые слова болезни эндокринной системы
a Ключевые слова женские заболевания
a Ключевые слова заболевания глаз
a Ключевые слова имбирь
a Ключевые слова кожные заболевания
a Ключевые слова мужские заболевания
a Ключевые слова чистка организма
686 Индексы других классификаций __
2 Код системы rubbk
a Индекс ББК 53.592
700 Автор _1
a Фамилия Даников
b Имя Н. И.
g Полное личное имя Николай Илларионович
801 Источник записи _0
a Страна ru
b Организация RuMoRKP
c Дата составления 20111216
801 Источник записи _1
a Страна ru
b Организация РГБ
c Дата составления 20111216
801 Источник записи _2
a Страна ru
b Организация Центральная районная библиотека им. Г. А. Пирожникова
c Дата составления 20111216
852 Данные о местонахождении __
j Шифр хранения 53.59
i Авторский знак Д 18
b Сигла хранения 26
901 Тип документа __
t Тип документа m
902 Роль лиц __
a Создатель БЗ ОКиО/Шумских
905 Дата создания БЗ __
a Дата создания БЗ 2012.10.12
990 Данные о заказе (DOS) __
j Количество экземпляров (DOS) 1
h N записи в КСУ для Б/У (DOS) 2012-8